[Event "Budapest FS08 GM"]
[Site "Budapest"]
[Date "1998.08.02"]
[Round "2"]
[White "Barczay, Laszlo"]
[Black "Fogarasi, Tibor"]
[Result "1/2-1/2"]
[WhiteElo "2405"]
[BlackElo "2440"]
[PlyCount "41"]
[EventDate "1998.08.01"]
[EventType "tourn"]
[EventRounds "13"]
[EventCountry "HUN"]
[EventCategory "7"]
[SourceTitle "EXT 1999"]
[Source "ChessBase"]
[SourceDate "1998.11.16"]
[SourceVersion "1"]
[SourceVersionDate "1998.11.16"]
[SourceQuality "1"]

1. e4 c5 2. Nf3 e6 3. d4 cxd4 4. Nxd4 Nc6 5. Nc3 Qc7 6. Ndb5 Qb8 7. g3 a6 8. Nd4 Nf6 9. Bg2 Bc5 10. Be3 Qa7 11. Nxc6 dxc6 12. Bxc5 Qxc5 13. Qd2 e5 14. Na4 Qe7 15. Nb6 Rb8 16. 0-0-0 0-0 17. Qd6 Qxd6 18. Rxd6 Be6 19. Rhd1 g5 20. h3 Rfe8 21. a3 1/2-1/2

[Event "Budapest FS08 GM"]
[Site "Budapest"]
[Date "1998.08.01"]
[Round "1"]
[White "Borge, Nikolaj"]
[Black "Barczay, Laszlo"]
[Result "1-0"]
[WhiteElo "2390"]
[BlackElo "2405"]
[PlyCount "65"]
[EventDate "1998.08.01"]
[EventType "tourn"]
[EventRounds "13"]
[EventCountry "HUN"]
[EventCategory "7"]
[SourceTitle "EXT 1999"]
[Source "ChessBase"]
[SourceDate "1998.11.16"]
[SourceVersion "1"]
[SourceVersionDate "1998.11.16"]
[SourceQuality "1"]

1. e4 c5 2. Nf3 d6 3. d4 cxd4 4. Nxd4 Nf6 5. Nc3 a6 6. Be3 e6 7. g4 h5 8. gxh5 Rxh5 9. h4 Rc5 10. Bg2 Qc7 11. Nde2 Rc4 12. Qd3 Ng4 13. Bd4 Ne5 14. Qg3 Nbc6 15. Be3 Nb4 16. Rc1 Bd7 17. 0-0 Bb5 18. Rfd1 Qa5 19. a3 Nxc2 20. Rxc2 Ba4 21. b4 Qd8 22. Nxa4 Rxc2 23. Nd4 Ra2 24. Nc3 Rxa3 25. Bc1 Rxc3 26. Qxc3 Rc8 27. Qh3 Be7 28. h5 Qc7 29. f4 Qb6 30. Be3 Nc4 31. Bf2 Qxb4 32. f5 exf5 33. Nxf5 1-0

[Event "Punkosdi Cup Senior"]
[Site "Sarvar"]
[Date "1998.05.30"]
[Round "9"]
[White "Barczay, Laszlo"]
[Black "Kadar, Gabor"]
[Result "1-0"]
[WhiteElo "2405"]
[BlackElo "2230"]
[PlyCount "55"]
[EventDate "1998.??.??"]
[EventType "tourn"]
[EventRounds "11"]
[EventCountry "HUN"]
[SourceTitle "EXT 2004"]
[Source "ChessBase"]
[SourceDate "2003.11.25"]
[SourceVersion "1"]
[SourceVersionDate "2003.11.25"]
[SourceQuality "1"]

1. e4 e6 2. d4 d5 3. Nd2 dxe4 4. Nxe4 Nd7 5. Nf3 Ngf6 6. Bg5 Be7 7. Bxf6 Nxf6 8. Bd3 0-0 9. 0-0 Nxe4 10. Bxe4 Qd6 11. c3 c5 12. Qe2 Rb8 13. Rfd1 Qf4 14. Ne5 Qh6 15. Bc2 g6 16. Qf3 Qg7 17. Bb3 cxd4 18. cxd4 Bf6 19. Rac1 Bxe5 20. dxe5 b6 21. Qe3 Re8 22. Rc7 a5 23. h3 Qf8 24. Rd6 Bb7 25. Rxb6 Bd5 26. Rxb8 Rxb8 27. Bxd5 exd5 28. e6 1-0

[Event "Punkosdi Cup Senior"]
[Site "Sarvar"]
[Date "1998.05.26"]
[Round "5"]
[White "Barczay, Laszlo"]
[Black "Fekete, Istvan1111"]
[Result "1-0"]
[WhiteElo "2405"]
[BlackElo "2090"]
[PlyCount "91"]
[EventDate "1998.??.??"]
[EventType "tourn"]
[EventRounds "11"]
[EventCountry "HUN"]
[SourceTitle "EXT 2004"]
[Source "ChessBase"]
[SourceDate "2003.11.25"]
[SourceVersion "1"]
[SourceVersionDate "2003.11.25"]
[SourceQuality "1"]

1. e4 c5 2. Nf3 d6 3. Bb5+ Bd7 4. Bxd7+ Qxd7 5. 0-0 g6 6. c3 Bg7 7. d4 cxd4 8. cxd4 Nc6 9. d5 Ne5 10. Nxe5 Bxe5 11. Qd3 Rc8 12. Nc3 Bg7 13. Be3 a6 14. Rac1 Nf6 15. h3 0-0 16. Rc2 b5 17. Rfc1 Qb7 18. a4 b4 19. Ne2 Nd7 20. b3 Ne5 21. Qd2 a5 22. Nd4 Qa6 23. Nc6 Nxc6 24. Rxc6 Qa8 25. Qd3 Bc3 26. Ra6 Qb7 27. Rxa5 Ra8 28. Rb5 Qd7 29. Bd4 Bxd4 30. Qxd4 Rac8 31. Rf1 f5 32. Rxb4 f4 33. e5 dxe5 34. Qxe5 f3 35. Qe6+ Qxe6 36. dxe6 fxg2 37. Kxg2 Rf6 38. Re4 Rc2 39. a5 Ra2 40. b4 Kg7 41. Kg3 g5 42. Ree1 Ra3+ 43. Kg2 Rff3 44. Re3 Rfxe3 45. fxe3 Rxe3 46. b5 1-0

[Event "HUN-chT2 9798"]
[Site "Hungary"]
[Date "1998.??.??"]
[Round "?"]
[White "Barczay, Laszlo"]
[Black "Bencze, Laszlo"]
[Result "0-1"]
[WhiteElo "2385"]
[BlackElo "2300"]
[PlyCount "54"]
[EventDate "1997.??.??"]
[EventType "team"]
[EventRounds "11"]
[EventCountry "HUN"]
[SourceTitle "EXT 1999"]
[Source "ChessBase"]
[SourceDate "1998.11.16"]
[SourceVersion "1"]
[SourceVersionDate "1998.11.16"]
[SourceQuality "1"]

1. e4 e6 2. d4 d5 3. Nd2 Nf6 4. e5 Nfd7 5. c3 c5 6. f4 Nc6 7. Ndf3 Rb8 8. Bd3 b5 9. Ne2 Qb6 10. 0-0 b4 11. Kh1 Ba6 12. f5 Bxd3 13. fxe6 fxe6 14. Qxd3 Qb5 15. Qc2 bxc3 16. bxc3 cxd4 17. Nfxd4 Nxd4 18. cxd4 Be7 19. Be3 Nb6 20. Rab1 Qc4 21. Qd1 Rf8 22. Rxf8+ Bxf8 23. Nf4 Kd7 24. Qh5 Be7 25. Qxh7 Qc3 26. Qh3 Qc6 27. Ng6 Qc2 0-1

[Event "HUN-chT2 9899"]
[Site "Hungary"]
[Date "1998.??.??"]
[Round "?"]
[White "Barczay, Laszlo"]
[Black "Haag, Ervin"]
[Result "1/2-1/2"]
[WhiteElo "2405"]
[BlackElo "2335"]
[PlyCount "25"]
[EventDate "1998.??.??"]
[EventType "team"]
[EventRounds "12"]
[EventCountry "HUN"]
[SourceTitle "EXT 2000"]
[Source "ChessBase"]
[SourceDate "1999.11.16"]
[SourceVersion "1"]
[SourceVersionDate "1999.11.16"]
[SourceQuality "1"]

1. e4 e6 2. d4 d5 3. exd5 exd5 4. Bd3 c5 5. dxc5 Bxc5 6. Nf3 Nf6 7. 0-0 0-0 8. Nbd2 Re8 9. Nb3 Bf8 10. h3 h6 11. Bf4 Nc6 12. Re1 Rxe1+ 13. Qxe1 1/2-1/2

[Event "HUN-chT2 9899"]
[Site "Hungary"]
[Date "1998.??.??"]
[Round "?"]
[White "Barczay, Laszlo"]
[Black "Szilagyi, Peter"]
[Result "1-0"]
[WhiteElo "2405"]
[BlackElo "2400"]
[PlyCount "33"]
[EventDate "1998.??.??"]
[EventType "team"]
[EventRounds "12"]
[EventCountry "HUN"]
[SourceTitle "EXT 2000"]
[Source "ChessBase"]
[SourceDate "1999.11.16"]
[SourceVersion "1"]
[SourceVersionDate "1999.11.16"]
[SourceQuality "1"]

1. e4 c5 2. Nf3 Nc6 3. Nc3 d6 4. d4 cxd4 5. Nxd4 Nf6 6. Bg5 e6 7. Qd2 Be7 8. 0-0-0 0-0 9. f4 Nxd4 10. Qxd4 Qa5 11. e5 dxe5 12. Qxe5 Qb6 13. Na4 Qf2 14. Rd2 Qxd2+ 15. Kxd2 b5 16. Bxb5 Bb7 17. Qc7 1-0